Catalog

Record Details

Catalog Search



Myšlenky pražského frankismu : kritické studium židovské mystiky  Cover Image Book Book

Myšlenky pražského frankismu : kritické studium židovské mystiky / Ivan Kohout a kol.

Record details

  • ISBN: 978-80-246-5442-3
  • Physical Description: 336 stran ; 21 cm
  • Edition: Vydání první
  • Publisher: Praha : Univerzita Karlova, Nakladatelství Karolinum, 2023

Content descriptions

Bibliography, etc. Note:
Obsahuje bibliografii a rejstřík
Subject: Frank, Jakub Józef, asi 1726-1791
heretici > Polsko > 18. století
Židé > Polsko > 18. století
Židé > Česko > 18.-19. století
mesianismus > Česko > 18.-19. století
židovské sekty > Česko > 18.-19. století
náboženská hnutí > Česko > 18.-19. století
Praha (Česko)
Genre: kolektivní monografie

Available copies

  • 1 of 1 copy available at Common Catalog SPOK.

Holds

  • 0 current holds with 1 total copy.
Show Only Available Copies
Location Call Number / Copy Notes Barcode Shelving Location Status Due Date
The Jewish community of Prague J 2214 4638304736 J - Judaika Available -

LDR 01948nam a2200541 i 4500
00156976
003CZ-PrJAB
00520240124064223.0
007ta
008240102s2023 xr e 001 0 cze d
020 . ‡a978-80-246-5442-3 ‡q(brožováno) : ‡cKč 440.00
035 . ‡a(CZ PrSKC)1601251
040 . ‡aKLG001 ‡bcze ‡erda
043 . ‡ae-xr--- ‡be-xr-pg ‡ae-pl--- ‡2czenas
045 . ‡av-w-
072 7. ‡a26 ‡xJudaismus ‡2Konspekt ‡95
080 . ‡a26-87-051 ‡2MRF
080 . ‡a(=411.16) ‡2MRF
080 . ‡a26-32 ‡2MRF
080 . ‡a296.73 ‡2MRF
080 . ‡a2-8 ‡2MRF
080 . ‡a(438) ‡2MRF
080 . ‡a(437.3) ‡2MRF
080 . ‡a(437.311) ‡2MRF
080 . ‡a(048.8:082) ‡2MRF
1001 . ‡aKohout, Ivan, ‡d1984- ‡7jo2013797707 ‡4aut
24510. ‡aMyšlenky pražského frankismu : ‡bkritické studium židovské mystiky / ‡cIvan Kohout a kol.
250 . ‡aVydání první
264 1. ‡aPraha : ‡bUniverzita Karlova, Nakladatelství Karolinum, ‡c2023
300 . ‡a336 stran ; ‡c21 cm
336 . ‡atext ‡btxt ‡2rdacontent
337 . ‡abez média ‡bn ‡2rdamedia
338 . ‡asvazek ‡bnc ‡2rdacarrier
504 . ‡aObsahuje bibliografii a rejstřík
60017. ‡aFrank, Jakub Józef, ‡dasi 1726-1791 ‡7zmp2017944701 ‡2czenas
648 7. ‡a18. století ‡7ch460556 ‡2czenas
648 7. ‡a18.-19. století ‡7ch757018 ‡2czenas
65007. ‡aheretici ‡7ph138464 ‡zPolsko ‡y18. století ‡2czenas
65007. ‡aŽidé ‡7ph127782 ‡zPolsko ‡y18. století ‡2czenas
65007. ‡aŽidé ‡7ph127782 ‡zČesko ‡y18.-19. století ‡2czenas
65007. ‡amesianismus ‡7ph122764 ‡zČesko ‡y18.-19. století ‡2czenas
65007. ‡ažidovské sekty ‡7ph218075 ‡zČesko ‡y18.-19. století ‡2czenas
65007. ‡anáboženská hnutí ‡7ph123372 ‡zČesko ‡y18.-19. století ‡2czenas
651 7. ‡aPraha (Česko) ‡7ge118011 ‡2czenas
655 7. ‡akolektivní monografie ‡7fd501537 ‡2czenas
910 . ‡aABE461 ‡bJ 2214
995 . ‡aska
901 . ‡a56976 ‡bAUTOGEN ‡c56976 ‡tbiblio

Additional Resources